• 首页
  • 本馆介绍
  • 公告通知
  • 最新文献
  • 馆藏检索
  • 电子资源
  • 读者导购
  • 参考咨询
  • 我的图书馆
  • 登录
  • 详细信息显示
  • 放入我的书架
  • 预约/预借图书
  • 作者相关作品
  • 分类相关作品
  • 丛书相关作品
  • 出版社相关作品

书目信息

  • 表格格式
  • 工作单格式
  • 卡片格式
题名:
廉洁自律与党纪红线
    
 
作者: 吴德慧 编著
分册:  
出版信息: 北京   中国言实出版社  2016
页数: 197页
开本: 24cm
丛书名:
单 册:
中图分类: D261.3 , D262.6
科图分类:
主题词:
电子资源:
ISBN: 978-7-5171-1756-8
000 01008nam0 2200277 450
001 012024000133
005 20240924225024.0
010    @a978-7-5171-1756-8@dCNY36.00
100    @a20240924d2016 em y0chiy50 ea
101 0  @achi
102    @aCN@b110000
105    @ay z 000yy
106    @ar
200 1  @a廉洁自律与党纪红线@Alian jie zi lv yu dang ji hong xian@e《中国共产党廉洁自律准则》《中国共产党纪律处分条例》学习辅导@f吴德慧编著
210    @a北京@c中国言实出版社@d2016
215    @a197页@d24cm
314    @a编著者取自封面
330    @a本书对《中国共产党廉洁自律准则》和《中国共产党纪律处分条例》进行了解读。
517 1  @a《中国共产党廉洁自律准则》《中国共产党纪律处分条例》学习辅导
601 02 @a中国共产党@x廉政建设@j学习参考资料
601 02 @a中国共产党@x纪律检查@x条例@j学习参考资料
690    @aD261.3@v5
690    @aD262.6@v5
701  0 @a吴德慧@Awu de hui@4编著
801  0 @aCN@bAHXH@c20240924
905    @b214135309@b214135318@b214135327@b214135336@b214135345@dD261.3@e2058@f5
    
    廉洁自律与党纪红线:《中国共产党廉洁自律准则》《中国共产党纪律处分条例》学习辅导/吴德慧编著.-北京:中国言实出版社,2016
    197页;24cm
    
    
    ISBN 978-7-5171-1756-8:CNY36.00
    本书对《中国共产党廉洁自律准则》和《中国共产党纪律处分条例》进行了解读。
●
相关链接 在E读中查询图书 在五车中查询图书 在当当中查询图书 在豆瓣中查询图书


正题名:廉洁自律与党纪红线     索取号:D261.3/2058         预约/预借

序号 登录号 条形码 馆藏地/架位号 状态 备注
1 1413530   214135309   第一样本阅览室/ [索取号:D261.3/2058] 在馆    
2 1413531   214135318   第一借阅区/ [索取号:D261.3/2058] 在馆    
3 1413532   214135327   第一借阅区/ [索取号:D261.3/2058] 在馆    
4 1413533   214135336   第一借阅区/ [索取号:D261.3/2058] 在馆    
5 1413534   214135345   第一借阅区/ [索取号:D261.3/2058] 在馆    
唐山师范学院图书馆 欢迎您!
大连网信软件有限公司© 版权所有